India since independence : (Record no. 136567)

MARC details
000 -LEADER
fixed length control field 00681nam a22002057a 4500
010 ## - LIBRARY OF CONGRESS CONTROL NUMBER
LC control number A-290411
035 ## - SYSTEM CONTROL NUMBER
System control number A-290411
037 ## - SOURCE OF ACQUISITION
Source of stock number/acquisition Cen Lib / Ret
040 ## - CATALOGING SOURCE
Original cataloging agency DPL
Language of cataloging EN
082 ## - DEWEY DECIMAL CLASSIFICATION NUMBER
Classification number 954.09
Item number KAU
100 ## - MAIN ENTRY--PERSONAL NAME
Personal name Kaul, Vimla
245 ## - TITLE STATEMENT
Title India since independence :
Remainder of title chronology of events /
Statement of responsibility, etc by Vimla Kaul
260 ## - PUBLICATION, DISTRIBUTION, ETC. (IMPRINT)
Place of publication, distribution, etc New Delhi
Name of publisher, distributor, etc Sagar Publications
Date of publication, distribution, etc 1984
270 ## - ADDRESS
Address N. K. Sagar for sagar Publicaitons, B-17, Sector 8
City Noida
300 ## - PHYSICAL DESCRIPTION
Extent (v 5. 1160-1409 ; v 7. 1596-1788 ; v 9. 2004-3104)
Other physical details 30cm(Hb)
505 ## - FORMATTED CONTENTS NOTE
Formatted contents note v 5. 1980 ; v 7. 1982 ; v 9. 1984
650 ## - SUBJECT ADDED ENTRY--TOPICAL TERM
Topical term or geographic name as entry element India
650 ## - SUBJECT ADDED ENTRY--TOPICAL TERM
Topical term or geographic name as entry element Technology -- India -- History.
942 ## - ADDED ENTRY ELEMENTS (KOHA)
Source of classification or shelving scheme Dewey Decimal Classification
Koha item type English Books
Classification part 954.09
Call number suffix KAU
Holdings
Withdrawn status Lost status Source of classification or shelving scheme Materials specified (bound volume or other part) Damaged status Not for loan Collection code Home library Current library Date acquired Source of acquisition Total Checkouts Full call number Barcode Date last seen Copy number Price effective from Koha item type
    Dewey Decimal Classification v 7   Not For Loan Reference Central Library Central Library 04/03/2016 Cen Lib/Ret   954.09 KAU A-290411 04/03/2016 2 04/03/2016 English Books
    Dewey Decimal Classification v 5   Not For Loan Reference Central Library Central Library 05/03/2016 Cen Lib/Ret   954.09 KAU A-148124 05/03/2016 3 05/03/2016 English Books
    Dewey Decimal Classification v 9   Not For Loan Reference Central Library Central Library 08/03/2016 Cen Lib/Ret   954.09 KAU A-317374 08/03/2016 1 08/03/2016 English Books

© Delhi Public Library
Hit Counter
free hit counter